| 000 | 00000nam##2200000za#4500 |
| 001 | 9.570543 |
| 003 | CaOODSP |
| 005 | 20210624182305 |
| 007 | cr ||||||||||| |
| 008 | 150406|2005||||xxc|||||o f|0| 0 eng|d |
| 022 | |a1919-5087 |
| 040 | |aCaOODSP|beng |
| 043 | |an-cn--- |
| 086 | 1 |aFs70-6/2005-039E-PDF |
| 110 | 1 |aCanada. |bDepartment of Fisheries and Oceans. |bMaritimes Region. |
| 245 | 10|aState of the ocean 2004 - physical oceanographic conditions on the Scotian Shelf, Bay of Fundy and Gulf of Maine |h[electronic resource] |
| 246 | 1 |aMaritimes region - state of the ocean, physical oceanographic |
| 260 | |aDartmouth - Nova Scotia : |bFisheries and Oceans Canada. |cAugust 2005. |
| 300 | |a10p.|bcoloured maps, figs. (some coloured), graphs, references |
| 490 | 1 |aCanadian Science Advisory Secretariat science advisory report |x1919-5087|v2005/039, Maritimes Region |
| 590 | |a11-11-Supp|b2011-07-13 |
| 775 | 08|tÉtat de l'océan en 2004 : les conditions océanographiques sur la plate-forme Néo-Écossaise, dans la baie de Fundy et dans le golfe du Maine |w(CaOODSP)9.601191 |
| 830 | #0|aScience advisory report (Canadian Science Advisory Secretariat)|x1919-5087|v2005/039, Maritimes Region|w(CaOODSP)9.506226 |
| 856 | 40|ahttp://publications.gc.ca|qPDF|s374 KB|uhttps://publications.gc.ca/collections/collection_2011/mpo-dfo/Fs70-6-2005-039-eng.pdf|y2005/039, Maritimes Region |